000
00311nam a22001097a 4500
040
_c
SK
082
_a
895
100
_a
នុត ណារ៉ាង
245
_a
ទិដ្ឋភាពទូទៅនៃអក្សរសាស្រ្តខ្មែរ
260
_a
CEDORECK
_b
នុត
_c
2003
942
_c
KB
999
_c
8438
_d
8438